000 00816nam a2200265 i 4500
003 DO-SdBNP
005 20251016141337.0
007 ta
008 251016b1998 dr ac||| |||| 00| 0 spa d
040 _aDO-SdBNP
_bspa
_cBNPHU
_erda
041 _aspa
082 4 _axxx
_bxxx
_222
100 1 _aLockward, Angel,
_eautor
_4aut.
_911034
245 1 3 _aLa mujer dominicana /
_cAngel Lockward
250 _aPrimera edición
264 1 _aSanto Domingo :
_bEditorial Valdez,
_c1998.
300 _a62 páginas :
_bilustraciones, retratos ;
_c21 cm.
336 _atexto
_btxt
_2rdacontent
337 _asin mediación
_bn
_2rdamedia
338 _avolumen
_bnc
_2rdacarrier
500 _aIncluiye datos biográficos del autor en la contracubierta
590 _aInventariado, 2025/BT
910 _aBtavárez
942 _2ddc
_cLBS1
999 _c59971
_d59971